[Event "Russian Championship B15 1st league 2016"]
[Site "Loo"]
[Date "2016.04.28"]
[Round "9.44"]
[White "Konotop, Daniil"]
[Black "Dobrynin, Yaroslav"]
[Result "0-1"]
[WhiteElo "1473"]
[BlackElo "1668"]
[PlyCount "140"]
[EventDate "2016.04.20"]

1. e4 e5 2. Nf3 Nc6 3. Bb5 Nge7 4. O-O a6 5. Bxc6 Nxc6 6. d4 exd4 7. Nxd4 Bc5
8. Be3 Qf6 9. c3 O-O 10. Nc2 Be7 11. Nd2 d6 12. Qf3 Qg6 13. Qe2 f5 14. f3 fxe4
15. fxe4 Bg4 16. Qc4+ Kh8 17. Rxf8+ Rxf8 18. Rf1 Rxf1+ 19. Qxf1 Qf6 20. Qxf6
Bxf6 21. Kf2 Ne5 22. Ne1 Be6 23. a3 Ng4+ 24. Ke2 Nxh2 25. Ndf3 Bc4+ 26. Nd3 Ng4
27. Bg1 Kg8 28. Kd2 Bxd3 29. Kxd3 Ne5+ 30. Nxe5 Bxe5 31. b4 Kf7 32. Kc4 Kg6 33.
Ba7 c6 34. a4 b5+ 35. axb5 axb5+ 36. Kd3 Kg5 37. Be3+ Kg4 38. Bf2 Bg3 39. Be3
Be1 40. Bd4 g6 41. Ke2 Bg3 42. Be3 Be5 43. Bd2 h5 44. Kf2 h4 45. Ke2 Kg3 46.
Kf1 h3 47. gxh3 Kxh3 48. Kf2 g5 49. Bxg5 Bxc3 50. Be7 Be5 51. Ke3 Kg4 52. Kd3
Kh5 53. Ke2 Kg6 54. Kd3 Kf7 55. Bd8 Ke6 56. Bb6 Bb2 57. Be3 Ke5 58. Bg5 c5 59.
bxc5 dxc5 60. Be7 Bd4 61. Bf8 c4+ 62. Kc2 Kxe4 63. Bb4 Kd5 64. Bd2 Kc5 65. Bg5
b4 66. Be7+ Kb5 67. Bg5 b3+ 68. Kb1 c3 69. Be7 c2+ 70. Kc1 Be3+ 0-1

[Event "Russian Championship B15 1st league 2016"]
[Site "Loo"]
[Date "2016.04.28"]
[Round "9.45"]
[White "Kolkhidov, Azamat"]
[Black "Tsopanov, Mikhail"]
[Result "1/2-1/2"]
[WhiteElo "1655"]
[BlackElo "1572"]
[PlyCount "83"]
[EventDate "2016.04.20"]

1. e4 c6 2. d4 d5 3. exd5 cxd5 4. Nc3 Nf6 5. Bg5 e6 6. Bxf6 Qxf6 7. Qf3 Qxf3 8.
Nxf3 Nc6 9. Bb5 Bb4 10. Bxc6+ bxc6 11. O-O Bxc3 12. bxc3 O-O 13. Rab1 Ba6 14.
Rfe1 Rab8 15. Nd2 h6 16. Rxb8 Rxb8 17. Rb1 Rxb1+ 18. Nxb1 Bb5 19. Nd2 Kf8 20.
Nb3 Ba4 21. Kf1 Ke7 22. Ke2 Bxb3 23. cxb3 Kd6 24. f4 g6 25. Kd3 Kc7 26. g3 h5
27. c4 Kb7 28. cxd5 cxd5 29. h4 Kb6 30. a4 a5 31. Ke3 Kc6 32. Kd3 Kb6 33. Kc3
Ka6 34. Kd3 Kb7 35. Kc2 Kb6 36. Kd3 Ka6 37. Ke3 Kb6 38. Ke2 Kc6 39. Kd2 Kb7 40.
Kc3 Ka6 41. Kd3 Kb6 42. Kc3 1/2-1/2

[Event "Russian Championship B15 1st league 2016"]
[Site "Loo"]
[Date "2016.04.28"]
[Round "9.47"]
[White "Vashchenko, Lev"]
[Black "Seleznev, Iliya"]
[Result "0-1"]
[WhiteElo "1469"]
[BlackElo "1632"]
[PlyCount "74"]
[EventDate "2016.04.20"]

1. d4 Nf6 2. c4 c5 3. d5 e6 4. Nc3 exd5 5. cxd5 d6 6. e4 g6 7. Nf3 Bg7 8. Bg5
O-O 9. Be2 Na6 10. O-O Nc7 11. h3 a6 12. a4 Rb8 13. a5 b5 14. axb6 Rxb6 15. Qc1
Re8 16. Nd2 h6 17. Be3 Nb5 18. f3 Nxc3 19. bxc3 Nh5 20. Nc4 Ng3 21. Rf2 Rb3 22.
Ra3 Rxa3 23. Qxa3 f5 24. Bf4 Qh4 25. Nxd6 Qxf4 26. Nxe8 Be5 27. Qxc5 Nxe4 28.
Nf6+ Kf7 29. Qa7+ Kxf6 30. Qb6+ Bd6 31. Bxa6 Qh2+ 32. Kf1 Bxa6+ 33. Qxa6 Ng3+
34. Ke1 Qg1+ 35. Rf1 Qxf1+ 36. Qxf1 Nxf1 37. Kxf1 Ke5 0-1

[Event "Russian Championship B15 1st league 2016"]
[Site "Loo"]
[Date "2016.04.28"]
[Round "9.48"]
[White "Riakhovskii, Mark"]
[Black "Karamov, Stepan"]
[Result "0-1"]
[WhiteElo "1360"]
[BlackElo "1707"]
[PlyCount "62"]
[EventDate "2016.04.20"]

1. c4 e6 2. g3 d5 3. Bg2 c6 4. cxd5 exd5 5. Nf3 Nf6 6. O-O Bd6 7. Nc3 O-O 8. d3
Bg4 9. Be3 Nbd7 10. Rb1 Qe7 11. h3 Bh5 12. Nd4 Bg6 13. Nc2 a5 14. a3 Nh5 15.
Kh2 f5 16. f4 Bf7 17. Bf2 g5 18. e3 Ng7 19. b4 axb4 20. axb4 h5 21. b5 h4 22.
gxh4 gxf4 23. exf4 Bxf4+ 24. Bg3 Bxg3+ 25. Kxg3 Qd6+ 26. Kf2 Qc5+ 27. d4 Qxc3
28. bxc6 Bh5 29. Qc1 bxc6 30. Rb7 Ra2 31. Rxd7 Rxc2+ 0-1

[Event "Russian Championship B15 1st league 2016"]
[Site "Loo"]
[Date "2016.04.28"]
[Round "9.49"]
[White "Kisarov, Timur"]
[Black "Medvedev, David"]
[Result "1/2-1/2"]
[WhiteElo "1697"]
[BlackElo "1350"]
[PlyCount "80"]
[EventDate "2016.04.20"]

1. e4 c5 2. c3 d5 3. exd5 Qxd5 4. d4 Nc6 5. Nf3 Bg4 6. Be2 Nf6 7. Be3 cxd4 8.
cxd4 e6 9. Nc3 Qa5 10. O-O Be7 11. h3 Bf5 12. Qb3 Qb4 13. Qxb4 Nxb4 14. Bb5+
Nc6 15. Rac1 O-O 16. Bxc6 bxc6 17. Ne5 Rac8 18. Na4 Be4 19. Nc5 Bxc5 20. dxc5
Rb8 21. b3 Rb7 22. Rfd1 Bd5 23. f3 Nd7 24. Nxd7 Rxd7 25. Bf4 Rb7 26. Bd6 Ra8
27. Rd4 a5 28. Ra4 Rb4 29. Rxb4 axb4 30. Rc2 Ra5 31. Rd2 Ra7 32. Kf2 h6 33. Ke3
Kh7 34. h4 h5 35. Kf4 f6 36. g3 g6 37. Rh2 Kg7 38. Ke3 Kh6 39. Bf8+ Kh7 40. Kf4
Kg8 1/2-1/2

[Event "Russian Championship B15 1st league 2016"]
[Site "Loo"]
[Date "2016.04.28"]
[Round "9.52"]
[White "Grigoriants, Boris"]
[Black "Tsarkov, Mikhail"]
[Result "1-0"]
[WhiteElo "1801"]
[BlackElo "1398"]
[PlyCount "127"]
[EventDate "2016.04.20"]

1. e4 c6 2. d4 d5 3. exd5 cxd5 4. Bd3 Nc6 5. c3 Nf6 6. Bf4 Bg4 7. Qb3 Qc8 8.
Nd2 e6 9. Ngf3 Bh5 10. O-O Be7 11. Rfe1 O-O 12. Qc2 Bg6 13. Bxg6 hxg6 14. a3 a5
15. Qd3 Nh5 16. Be5 Qd7 17. Nf1 Bd6 18. h3 Nf6 19. Qe3 Ne4 20. N1d2 Nxe5 21.
Nxe5 Bxe5 22. Nxe4 dxe4 23. dxe5 Qb5 24. Qe2 Qxe5 25. Qxe4 Qxe4 26. Rxe4 Rfd8
27. Kf1 Rd5 28. Rae1 Rad8 29. Re5 a4 30. Rxd5 Rxd5 31. Re4 b5 32. Ke2 Kf8 33.
Rb4 Rc5 34. Kd3 e5 35. c4 bxc4+ 36. Rxc4 Rd5+ 37. Kc3 Ra5 38. Rb4 Rc5+ 39. Kd3
Ra5 40. Kc4 f6 41. Rb5 Ra8 42. Kb4 Ke8 43. Ra5 Rb8+ 44. Rb5 Ra8 45. g3 Ra7 46.
f3 Kd7 47. Ra5 Rb7+ 48. Rb5 Ra7 49. Rb6 Kc7 50. Kb5 Ra8 51. Rc6+ Kd7 52. Ra6
Rb8+ 53. Rb6 Ra8 54. Rb7+ Kd6 55. Rxg7 Rb8+ 56. Kxa4 Rxb2 57. Rxg6 Ke6 58. h4
Rf2 59. h5 Rxf3 60. h6 Rf5 61. Rg4 Rh5 62. Rh4 Rxh4+ 63. gxh4 Kf7 64. Kb5 1-0

[Event "Russian Championship B15 1st league 2016"]
[Site "Loo"]
[Date "2016.04.28"]
[Round "9.53"]
[White "Shushakov, Andrey"]
[Black "Belov, Kirill"]
[Result "1-0"]
[WhiteElo "1550"]
[BlackElo "1360"]
[PlyCount "43"]
[EventDate "2016.04.20"]

1. e4 e5 2. Nf3 Nc6 3. Bc4 Bc5 4. c3 Nf6 5. d3 O-O 6. b4 Be7 7. b5 Na5 8. Nxe5
d6 9. Qa4 dxe5 10. Qxa5 Kh8 11. O-O Nd7 12. Be3 b6 13. Qa4 f5 14. exf5 Rxf5 15.
Bd5 Rb8 16. Qxa7 Bc5 17. Nd2 Rh5 18. Nf3 Bxe3 19. fxe3 Nf6 20. Qxb8 Nxd5 21. g4
Rh3 22. Ng5 1-0

[Event "Russian Championship B15 1st league 2016"]
[Site "Loo"]
[Date "2016.04.28"]
[Round "9.54"]
[White "Volchkov, Ivan"]
[Black "Maslov, Serafim"]
[Result "1/2-1/2"]
[WhiteElo "1504"]
[BlackElo "1341"]
[PlyCount "61"]
[EventDate "2016.04.20"]

1. d4 Nf6 2. c4 g6 3. Nc3 Bg7 4. e4 d6 5. Nf3 O-O 6. h3 c5 7. d5 Na6 8. Be3 Nc7
9. Qd2 Re8 10. O-O-O Bd7 11. Kb1 a6 12. g4 b5 13. e5 dxe5 14. Nxe5 b4 15. Nxd7
bxc3 16. Nxf6+ Bxf6 17. bxc3 Rb8+ 18. Kc2 Qd6 19. Bf4 Qb6 20. Be2 Qa5 21. Bxc7
Qxc7 22. Rb1 Qa5 23. Kd3 e6 24. Bf3 Qc7 25. Rhe1 Rxb1 26. Rxb1 Kg7 27. Kc2 Kg8
28. Kd3 Kg7 29. Kc2 Kg8 30. Kd3 Kg7 31. Kc2 1/2-1/2

[Event "Russian Championship B15 1st league 2016"]
[Site "Loo"]
[Date "2016.04.28"]
[Round "9.56"]
[White "Dolgirev, Lev"]
[Black "Strelkov, Daniil"]
[Result "1-0"]
[WhiteElo "1448"]
[BlackElo "1288"]
[PlyCount "33"]
[EventDate "2016.04.20"]

1. c4 c5 2. Nf3 Nf6 3. Nc3 d5 4. cxd5 Nxd5 5. d4 Nxc3 6. bxc3 f6 7. e3 Bf5 8.
Qb3 Qc7 9. Ba3 e6 10. Bc4 Kd7 11. O-O cxd4 12. Bxf8 Rxf8 13. cxd4 Ke7 14. d5 e5
15. Rfd1 Kd8 16. Rac1 Nd7 17. Bd3 1-0

[Event "Russian Championship B15 1st league 2016"]
[Site "Loo"]
[Date "2016.04.28"]
[Round "9.57"]
[White "Pontis, Stanislav"]
[Black "Volodin, Andrey"]
[Result "1-0"]
[WhiteElo "1377"]
[BlackElo "1410"]
[PlyCount "63"]
[EventDate "2016.04.20"]

1. e4 e5 2. Nf3 Nc6 3. Bb5 f5 4. d3 d6 5. Bc4 Nf6 6. Ng5 d5 7. exd5 Nxd5 8. Nc3
Bb4 9. O-O Nce7 10. Nxd5 Nxd5 11. Qe2 Qd6 12. f4 O-O 13. fxe5 Bc5+ 14. Kh1 Qd8
15. c3 h6 16. Nh3 Kh8 17. d4 Bb6 18. Bxd5 Qxd5 19. Nf4 Qf7 20. h4 Be6 21. h5
Kg8 22. b3 c5 23. Bb2 Rad8 24. Rad1 Rd7 25. d5 Bxd5 26. e6 Bxe6 27. Qxe6 Qxe6
28. Nxe6 Rxd1 29. Rxd1 Re8 30. Nf4 Re4 31. g3 Bc7 32. Bc1 1-0

[Event "Russian Championship B15 1st league 2016"]
[Site "Loo"]
[Date "2016.04.28"]
[Round "9.58"]
[White "Titovich, Mihail"]
[Black "Gozgeshev, Eldar"]
[Result "1-0"]
[WhiteElo "1466"]
[BlackElo "1567"]
[PlyCount "69"]
[EventDate "2016.04.20"]

1. d4 d5 2. c4 e6 3. Nc3 Nf6 4. Bg5 Be7 5. Nf3 O-O 6. e3 h6 7. Bh4 Nbd7 8. Bd3
c5 9. cxd5 exd5 10. dxc5 Nxc5 11. Be2 Be6 12. O-O Nce4 13. Nxe4 Nxe4 14. Bxe7
Qxe7 15. Nd4 Rac8 16. Bf3 Nf6 17. Rc1 Rxc1 18. Qxc1 Rc8 19. Qd2 Qc5 20. Nb3 Qb6
21. Rc1 Rxc1+ 22. Qxc1 Ne4 23. Nd4 Nd6 24. Nxe6 fxe6 25. Bg4 Kf7 26. Qc2 Qa5
27. Bh5+ Ke7 28. h3 Kd7 29. Qg6 Qe1+ 30. Kh2 Qxf2 31. Qxg7+ Kc6 32. Qxh6 e5 33.
Be8+ Kc7 34. Qg7+ Kd8 35. Qd7# 1-0

[Event "Russian Championship B15 1st league 2016"]
[Site "Loo"]
[Date "2016.04.28"]
[Round "9.59"]
[White "Nagibin, Danila"]
[Black "Muratov, Maxim"]
[Result "0-1"]
[WhiteElo "1274"]
[BlackElo "1428"]
[PlyCount "66"]
[EventDate "2016.04.20"]

1. d4 Nf6 2. c4 c5 3. d5 b5 4. b3 e6 5. Nc3 Bb7 6. Bg5 Qa5 7. Bxf6 gxf6 8. Qd2
b4 9. Nb5 a6 10. Na3 Qxa3 11. e4 Bg7 12. Bd3 O-O 13. h4 f5 14. Rd1 Bc3 15. Rh3
Qxa2 16. Nf3 Qxb3 17. Rg3+ Kh8 18. Ne5 Bxd2+ 19. Rxd2 d6 20. Nf3 fxe4 21. Bxe4
exd5 22. cxd5 Nd7 23. Ng5 Qc4 24. f3 f5 25. Bd3 Qxh4 26. Kf2 f4 27. Nxh7 Qxg3+
28. Kf1 Rfe8 29. Rd1 Re3 30. Bc2 Rxf3+ 31. gxf3 Qxf3+ 32. Kg1 Rg8+ 33. Kh2 Qh5#
0-1

[Event "Russian Championship B15 1st league 2016"]
[Site "Loo"]
[Date "2016.04.28"]
[Round "9.60"]
[White "Enin, Peter"]
[Black "Li, Dmitry"]
[Result "0-1"]
[WhiteElo "1229"]
[BlackElo "1256"]
[PlyCount "112"]
[EventDate "2016.04.20"]

1. e4 c5 2. Nc3 e6 3. Bc4 a6 4. a3 b5 5. Ba2 d6 6. Nf3 Nf6 7. d3 Be7 8. e5 dxe5
9. Nxe5 O-O 10. Qf3 Ra7 11. Qe2 Bb7 12. Rg1 Nc6 13. Nxc6 Bxc6 14. Bg5 h6 15.
Bh4 Qb8 16. Bg3 Qb7 17. f3 Rc8 18. Rb1 Qd7 19. Ne4 Nxe4 20. dxe4 Rd8 21. Rd1
Qc8 22. Rxd8+ Qxd8 23. Kf2 Rd7 24. Bf4 Bd6 25. Be3 Bxh2 26. Rc1 Bc7 27. Kf1 c4
28. a4 Bb6 29. Bxb6 Qxb6 30. axb5 axb5 31. c3 Qd8 32. Ke1 Qh4+ 33. Qf2 Qxf2+
34. Kxf2 Rd2+ 35. Kg1 Rxb2 36. Bb1 f5 37. exf5 exf5 38. Bxf5 Bd5 39. Rc2 Rxc2
40. Bxc2 Kf7 41. Kf2 Ke7 42. Ke3 Kd6 43. Kd4 g5 44. Bf5 h5 45. Bg6 h4 46. Be8
Bxf3 47. Ke3 Bc6 48. Bxc6 Kxc6 49. Kf3 b4 50. g4 bxc3 51. Kg2 c2 52. Kh2 c1=Q
53. Kg2 Qd2+ 54. Kh3 Qe3+ 55. Kh2 Qf2+ 56. Kh3 Qg3# 0-1

[Event "Russian Championship G15 1st league 2016"]
[Site "Loo"]
[Date "2016.04.28"]
[Round "9.1"]
[White "Burnyasheva, Elena"]
[Black "Gutkovich, Polina"]
[Result "1-0"]
[WhiteElo "1664"]
[BlackElo "1776"]
[PlyCount "63"]
[EventDate "2016.04.20"]

1. e4 e6 2. d4 d5 3. Nc3 Nf6 4. Bg5 Be7 5. e5 Nfd7 6. h4 a6 7. Qg4 Bxg5 8. hxg5
c5 9. g6 f5 10. Qg3 h6 11. Nf3 Nc6 12. O-O-O b5 13. Ng5 Qe7 14. Nf7 Rg8 15.
dxc5 Nxc5 16. Bd3 Nxd3+ 17. Qxd3 Bd7 18. f3 Nd8 19. Nd6+ Kf8 20. g4 Qg5+ 21.
Kb1 fxg4 22. f4 Qe7 23. f5 Rh8 24. f6 gxf6 25. exf6 Qxf6 26. Rdf1 Qxf1+ 27.
Rxf1+ Ke7 28. Nf7 Nxf7 29. Rxf7+ Kd6 30. Qd4 Kc6 31. b4 Kc7 32. Qc5+ 1-0

[Event "Russian Championship G15 1st league 2016"]
[Site "Loo"]
[Date "2016.04.28"]
[Round "9.2"]
[White "Aliverdieva, Elina"]
[Black "Tsvetkova, Vladislava"]
[Result "0-1"]
[WhiteElo "1566"]
[BlackElo "1570"]
[PlyCount "70"]
[EventDate "2016.04.20"]

1. e4 c6 2. Nc3 d5 3. Nf3 dxe4 4. Nxe4 Nf6 5. Qe2 Bf5 6. Nxf6+ gxf6 7. d4 e6 8.
c3 Qc7 9. Be3 Bd6 10. g3 Nd7 11. Bg2 O-O-O 12. b4 e5 13. O-O Bg4 14. Qc2 Bxf3
15. Bxf3 h5 16. h4 Rdg8 17. a4 e4 18. Bg2 f5 19. b5 c5 20. d5 Qd8 21. Bg5 f6
22. Be3 f4 23. Bxf4 Bxf4 24. gxf4 f5 25. f3 e3 26. Qxf5 Qxh4 27. Ra2 Qg3 28.
Kh1 Qh4+ 29. Bh3 Rg3 30. Qxd7+ Kb8 31. Kh2 Qxf4 32. Kh1 Rhg8 33. Qf5 Qc4 34.
Rh2 Qxf1+ 35. Bxf1 Rg1# 0-1

[Event "Russian Championship G15 1st league 2016"]
[Site "Loo"]
[Date "2016.04.28"]
[Round "9.3"]
[White "Zinatullina, Adelya"]
[Black "Selezneva, Ekaterina"]
[Result "1-0"]
[WhiteElo "1775"]
[BlackElo "1750"]
[PlyCount "62"]
[EventDate "2016.04.20"]

1. d4 Nf6 2. Nf3 e6 3. c4 c5 4. d5 b5 5. dxe6 fxe6 6. cxb5 d5 7. e3 Bd6 8. Nc3
O-O 9. Bd3 Bb7 10. O-O Qe7 11. Qe2 Nbd7 12. e4 d4 13. e5 dxc3 14. exd6 Qxd6 15.
Rd1 Qb6 16. bxc3 Nd5 17. c4 Nc3 18. Bxh7+ Kh8 19. Qd3 Nxd1 20. Nh4 Ne5 21. Qxd1
Kxh7 22. Qh5+ Kg8 23. Qxe5 Rad8 24. Bb2 Rd7 25. Qh5 e5 26. Ng6 Rfd8 27. Qh8+
Kf7 28. Nxe5+ Ke6 29. Qh3+ Ke7 30. Qh4+ Ke8 31. Nxd7 Rxd7 1-0

[Event "Russian Championship G15 1st league 2016"]
[Site "Loo"]
[Date "2016.04.28"]
[Round "9.4"]
[White "Yurasova, Daria"]
[Black "Sosnina, Ekaterina"]
[Result "1-0"]
[WhiteElo "1698"]
[BlackElo "1727"]
[PlyCount "117"]
[EventDate "2016.04.20"]

1. d4 c5 2. d5 e5 3. e4 d6 4. Bd3 g6 5. Nf3 Bg7 6. Bg5 Nf6 7. Nbd2 h6 8. Bxf6
Qxf6 9. h3 Nd7 10. Nc4 Qe7 11. O-O O-O 12. a4 f5 13. Nfd2 f4 14. Kh2 g5 15. Be2
Nf6 16. a5 Rf7 17. Ra3 Bf8 18. g3 Rg7 19. g4 Bd7 20. b4 cxb4 21. Rb3 h5 22. f3
hxg4 23. hxg4 Rg6 24. Kg2 Qg7 25. Rxb4 Kf7 26. Rxb7 Be7 27. Rh1 Rh6 28. Rxh6
Qxh6 29. Qh1 Qg7 30. Bf1 Rh8 31. Qg1 Qh6 32. Kf2 Qh4+ 33. Ke2 a6 34. Qa7 Rd8
35. Qf2 Qh1 36. Kd3 Bb5 37. Kc3 Rc8 38. Kb2 Nd7 39. Qa7 Re8 40. Rxd7 Bxd7 41.
Qxd7 Qh6 42. Nb6 Qh2 43. Ndc4 Qh6 44. Bd3 Rd8 45. Qc7 Qh1 46. Nd2 Qe1 47. Qc3
Rb8 48. Bxa6 Qf2 49. Ndc4 Qc5 50. Ka2 Qc7 51. Nxe5+ dxe5 52. Qxc7 Rh8 53. d6
Rh3 54. Qxe7+ Kg6 55. Qe6+ Kg7 56. Qxe5+ Kg6 57. Qf5+ Kg7 58. Qxg5+ Kh7 59.
Qxf4 1-0

[Event "Russian Championship G15 1st league 2016"]
[Site "Loo"]
[Date "2016.04.28"]
[Round "9.5"]
[White "Perch, Sofya"]
[Black "Turko, Anastasia"]
[Result "0-1"]
[WhiteElo "1723"]
[BlackElo "1612"]
[PlyCount "106"]
[EventDate "2016.04.20"]

1. d4 d6 2. c4 Nd7 3. Nc3 g6 4. e4 Bg7 5. Nf3 e5 6. d5 Ne7 7. Be2 O-O 8. O-O f5
9. exf5 Nxf5 10. Ne4 h6 11. Be3 Nf6 12. Nfd2 c5 13. Bd3 Nd4 14. Bxd4 exd4 15.
a3 a5 16. b4 b6 17. bxc5 bxc5 18. Rb1 Ng4 19. Nf3 Ne5 20. Nxe5 Bxe5 21. f4 Bxf4
22. Rxf4 Rxf4 23. Qd2 g5 24. Ng3 Qe8 25. Re1 Qf7 26. Qc2 Kg7 27. Ne4 Ra6 28.
Ng3 Ra7 29. h3 g4 30. h4 Rb7 31. Qd2 a4 32. Qxf4 Rb3 33. Qxf7+ Kxf7 34. Bf5
Bxf5 35. Nxf5 Rxa3 36. Nxd6+ Kg7 37. Nb5 Rb3 38. d6 d3 39. Rd1 Kf7 40. Rd2 g3
41. Rd1 a3 42. Rf1+ Ke6 43. Nxa3 Rxa3 44. Re1+ Kxd6 45. Kf1 Rc3 46. Rd1 Ke5 47.
h5 Kd4 48. Ra1 Rxc4 49. Rd1 Rc2 50. Ra1 Rf2+ 51. Kg1 d2 52. Ra4+ Kd3 53. Ra3+
Ke2 0-1

[Event "Russian Championship G15 1st league 2016"]
[Site "Loo"]
[Date "2016.04.28"]
[Round "9.6"]
[White "Hilova, Vlada"]
[Black "Malozemova, Darya"]
[Result "1-0"]
[WhiteElo "1852"]
[BlackElo "1643"]
[PlyCount "91"]
[EventDate "2016.04.20"]

1. d4 f5 2. Nc3 Nf6 3. Bg5 e6 4. e4 Be7 5. exf5 exf5 6. Qf3 O-O 7. Bc4+ Kh8 8.
h4 Ng4 9. Qf4 c6 10. O-O-O d5 11. Bd3 b5 12. Qd2 a5 13. Re1 Nf6 14. f3 a4 15.
Nh3 b4 16. Nd1 b3 17. cxb3 axb3 18. a3 c5 19. dxc5 Bxc5 20. Qc3 Ra7 21. Bf4 Qb6
22. Kb1 d4 23. Qd2 Nc6 24. Ng5 Bd7 25. Ne6 Bxe6 26. Rxe6 Rfa8 27. Bd6 Bxa3 28.
Bxa3 Rxa3 29. bxa3 Rxa3 30. Rhe1 Qb8 31. Kc1 Ra1+ 32. Bb1 Ra4 33. Rxc6 Nd5 34.
Nb2 Rb4 35. Rc5 Nc3 36. Rce5 Na2+ 37. Bxa2 Qc7+ 38. Kd1 h6 39. Bb1 Rb8 40. Re8+
Rxe8 41. Rxe8+ Kh7 42. Bxf5+ g6 43. Bxg6+ Kxg6 44. Re6+ Kf7 45. Rxh6 Qh2 46.
Qe2 1-0

[Event "Russian Championship G15 1st league 2016"]
[Site "Loo"]
[Date "2016.04.28"]
[Round "9.7"]
[White "Pikalova, Sofya"]
[Black "Lisyanskaya, Alina"]
[Result "0-1"]
[WhiteElo "1728"]
[BlackElo "1538"]
[PlyCount "78"]
[EventDate "2016.04.20"]

1. e4 e5 2. Nf3 Nc6 3. Bb5 a6 4. Ba4 d6 5. d4 b5 6. Bb3 Nxd4 7. Nxd4 exd4 8.
Qxd4 c5 9. Bxf7+ Kxf7 10. Qd1 Nf6 11. O-O Be6 12. Bg5 h6 13. Bxf6 Qxf6 14. Nc3
Be7 15. Qc1 Rhf8 16. Kh1 Kg8 17. f4 g5 18. f5 Bc4 19. Rf3 Qg7 20. Rg3 Bf6 21.
Qd1 b4 22. Nd5 Bxb2 23. Rb1 Bxa2 24. Rxb2 Qxb2 25. h4 Qb1 26. Qxb1 Bxb1 27.
hxg5 hxg5 28. Rxg5+ Kf7 29. Rg6 Rad8 30. Nc7 Rg8 31. Re6 Bxc2 32. Nd5 b3 33.
Re7+ Kf8 34. f6 Rh8+ 35. Kg1 b2 36. Nc3 b1=Q+ 37. Nxb1 Bxb1 38. Kf2 Rh6 39. Re6
Ba2 0-1

[Event "Russian Championship G15 1st league 2016"]
[Site "Loo"]
[Date "2016.04.28"]
[Round "9.8"]
[White "Polyanskaya, Elizaveta"]
[Black "Martysh, Darja"]
[Result "1-0"]
[WhiteElo "1701"]
[BlackElo "1614"]
[PlyCount "65"]
[EventDate "2016.04.20"]

1. e4 e5 2. Nf3 d6 3. d4 exd4 4. Nxd4 Nf6 5. Nc3 Be7 6. Be2 O-O 7. O-O Re8 8.
f4 Nbd7 9. Kh1 Nf8 10. Bf3 Ng6 11. Be3 c6 12. h3 h6 13. Qd2 Nh4 14. Bd1 d5 15.
e5 Nh7 16. Bf2 Nf8 17. Bxh4 Bxh4 18. Nf3 Be7 19. Be2 Ng6 20. Bd3 Nh4 21. Rae1
Nf5 22. Bxf5 Bxf5 23. Nd4 Bd7 24. f5 Bh4 25. Re2 c5 26. e6 cxd4 27. exd7 Rxe2
28. Nxe2 Qxd7 29. Nxd4 Bf6 30. c3 Re8 31. Qd3 Qd6 32. Nc2 Qc5 33. Rd1 1-0

[Event "Russian Championship G15 1st league 2016"]
[Site "Loo"]
[Date "2016.04.28"]
[Round "9.9"]
[White "Gusenkova, Karina"]
[Black "Nikolaeva, Ksenya"]
[Result "0-1"]
[WhiteElo "1431"]
[BlackElo "1660"]
[PlyCount "50"]
[EventDate "2016.04.20"]

1. d4 d5 2. c4 c6 3. e3 Nf6 4. Bd3 e5 5. dxe5 dxc4 6. Bxc4 Qxd1+ 7. Kxd1 Ng4 8.
Ke2 Nxe5 9. Bd3 Nxd3 10. Kxd3 Na6 11. Bd2 Bf5+ 12. Ke2 O-O-O 13. Nf3 Bd3+ 14.
Ke1 f6 15. Nd4 Bc5 16. Ne6 Rd7 17. Nxc5 Nxc5 18. Nc3 Rhd8 19. b4 Ne4 20. Rg1
Nxd2 21. Kxd2 Bc4+ 22. Ke1 Rd2 23. a3 Rc2 24. Ne4 Re2+ 25. Kf1 Rxe3# 0-1

[Event "Russian Championship G15 1st league 2016"]
[Site "Loo"]
[Date "2016.04.28"]
[Round "9.11"]
[White "Khairullina, Gulshat"]
[Black "Novogenova, Anastasia"]
[Result "1-0"]
[WhiteElo "1157"]
[BlackElo "1555"]
[PlyCount "115"]
[EventDate "2016.04.20"]

1. e4 c5 2. Nf3 Nc6 3. d4 cxd4 4. Nxd4 a6 5. Nxc6 bxc6 6. b3 Nf6 7. Bd3 g6 8.
Bb2 Bg7 9. Nc3 O-O 10. Qd2 Bb7 11. e5 Nd5 12. Ne4 Qc7 13. c4 Nb6 14. f4 a5 15.
a3 c5 16. a4 Bxe4 17. Bxe4 Ra6 18. Bc3 Nc8 19. O-O d6 20. Rfe1 dxe5 21. fxe5
Rd8 22. Qb2 e6 23. Rad1 Ne7 24. Rxd8+ Qxd8 25. Bf3 Nc6 26. Rd1 Qc7 27. Bxc6
Rxc6 28. Rd6 Qc8 29. Rxc6 Qxc6 30. Bxa5 Qe4 31. Bc3 Bxe5 32. Qd2 Bxc3 33. Qxc3
Qb1+ 34. Kf2 Qf5+ 35. Qf3 Qc2+ 36. Kg3 Qd2 37. h4 Qe1+ 38. Qf2 Qb4 39. Qe3 Kf8
40. Kf4 Ke7 41. Kg5 h5 42. g3 Qa5 43. Kh6 Kf8 44. Qe5 Qd2+ 45. Kh7 Qb4 46. Qd6+
Ke8 47. Kg8 Qxb3 48. Qxc5 Qxa4 49. Qf8+ Kd7 50. Kxf7 Qxc4 51. Qe7+ Kc8 52.
Qxe6+ Qxe6+ 53. Kxe6 Kd8 54. Kf6 Ke8 55. Kxg6 Kf8 56. Kxh5 Kg7 57. Kg5 Kh7 58.
h5 1-0

[Event "Russian Championship G15 1st league 2016"]
[Site "Loo"]
[Date "2016.04.28"]
[Round "9.12"]
[White "Surkova, Sofya"]
[Black "Chagina, Ulyana"]
[Result "1-0"]
[WhiteElo "1574"]
[BlackElo "1276"]
[PlyCount "119"]
[EventDate "2016.04.20"]

1. e4 e6 2. d4 d5 3. Nc3 Nf6 4. e5 Nfd7 5. Nf3 Nc6 6. Bd3 Nb4 7. Be3 c5 8. dxc5
Bxc5 9. Bxc5 Nxc5 10. a3 Nc6 11. b4 Nd7 12. Bb5 Qc7 13. Bxc6 bxc6 14. Qe2 O-O
15. O-O Qb6 16. Qd2 a5 17. Rab1 Qc7 18. Qd4 Ba6 19. Rfe1 Rfb8 20. Nd2 axb4 21.
axb4 Qb6 22. Qf4 Bb5 23. Nxb5 cxb5 24. Rb2 Rf8 25. Nf3 f6 26. exf6 Rxf6 27. Qd4
Qc7 28. Qd3 Qb6 29. c3 h6 30. Nd4 Rb8 31. Rbe2 Nf8 32. Ra2 Rb7 33. Rea1 Qc7 34.
Nxb5 Qc4 35. Qxc4 dxc4 36. Nd6 Rc7 37. Ra7 Rc6 38. R1a6 Rxa6 39. Rxa6 e5 40. b5
Nd7 41. Nxc4 Kf8 42. Rxf6+ gxf6 43. Ne3 h5 44. c4 Ke8 45. Kf1 Kd8 46. Ke2 Kc7
47. Kf3 Kd6 48. g4 h4 49. Ke4 Ke6 50. Kd3 Nc5+ 51. Ke2 Nd7 52. Kf1 Kf7 53. Kg2
Kg6 54. Kh3 Kg5 55. Ng2 Nc5 56. Nxh4 Ne4 57. Nf3+ Kf4 58. Kg2 Kxg4 59. Nxe5+
fxe5 60. f3+ 1-0

[Event "Russian Championship G15 1st league 2016"]
[Site "Loo"]
[Date "2016.04.28"]
[Round "9.13"]
[White "Egorova, Valentina S"]
[Black "Plaksina, Sofya"]
[Result "1-0"]
[WhiteElo "1487"]
[BlackElo "1630"]
[PlyCount "107"]
[EventDate "2016.04.20"]

1. e4 e5 2. Nf3 Nc6 3. Bc4 Nf6 4. d3 h6 5. Be3 d6 6. Nc3 g6 7. Qd2 Ng4 8. h3
Nxe3 9. fxe3 Na5 10. Bb3 Nxb3 11. axb3 Bg7 12. O-O-O c6 13. Qf2 b5 14. Rdf1 O-O
15. g4 a5 16. Qg2 Qb6 17. Kd2 Be6 18. h4 a4 19. b4 c5 20. bxc5 dxc5 21. h5 Rfd8
22. g5 hxg5 23. Qxg5 f6 24. Qxg6 Bf7 25. Qg3 Kh7 26. Ng5+ Kg8 27. Nxf7 Kxf7 28.
Qg6+ Kf8 29. h6 Bh8 30. h7 Qc6 31. Nd5 Rxd5 32. exd5 Qxd5 33. Rxf6+ Ke7 34.
Rff1 e4 35. Rh5 Qe6 36. Qxe6+ Kxe6 37. Rxc5 Bxb2 38. Rxb5 a3 39. Rb1 exd3 40.
cxd3 Rh8 41. R5xb2 axb2 42. Rxb2 Rxh7 43. d4 Kd5 44. Kd3 Rh4 45. Re2 Rh3 46.
Rg2 Rf3 47. Ke2 Rf5 48. Rf2 Rh5 49. Kd3 Rh4 50. Rf5+ Ke6 51. Re5+ Kd7 52. Re4
Rh5 53. Rf4 Rh3 54. Rf2 1-0

[Event "Russian Championship G15 1st league 2016"]
[Site "Loo"]
[Date "2016.04.28"]
[Round "9.14"]
[White "Bezenkina, Ekaterina"]
[Black "Tolkacheva, Anna"]
[Result "1/2-1/2"]
[WhiteElo "1413"]
[BlackElo "1702"]
[PlyCount "85"]
[EventDate "2016.04.20"]

1. e4 c5 2. c3 Nf6 3. e5 Nd5 4. d4 cxd4 5. cxd4 Nc6 6. Nc3 Nxc3 7. bxc3 d6 8.
f4 e6 9. Nf3 dxe5 10. fxe5 Qc7 11. Bd2 a6 12. Bd3 Bd7 13. O-O O-O-O 14. Ng5 Be8
15. Nxh7 Nxe5 16. Bf4 Bd6 17. dxe5 Bc5+ 18. Kh1 Rxh7 19. Qf3 Bc6 20. Qg3 Rhh8
21. Rad1 Bd5 22. c4 Bc6 23. Be2 Ba4 24. Rxd8+ Qxd8 25. Qxg7 Qe8 26. Bg3 Rg8 27.
Qxf7 Qxf7 28. Rxf7 Bc6 29. Bf3 Bxf3 30. gxf3 Rd8 31. Kg2 Rd2+ 32. Kh3 Rxa2 33.
Kg4 Bd4 34. Re7 a5 35. h4 a4 36. h5 Rg2 37. Rxe6 Bf2 38. Re8+ Kd7 39. Ra8 Ke6
40. Rxa4 Rxg3+ 41. Kf4 Rh3 42. Rb4 Rh4+ 43. Kg5 1/2-1/2